[Event "HUN-chT2 Erkel 0607"]
[Site "Hungary"]
[Date "2007.05.20"]
[Round "11"]
[White "Csillik, David"]
[Black "Bagyanszky, Attila"]
[Result "1/2-1/2"]
[WhiteElo "1995"]
[BlackElo "2128"]
[PlyCount "24"]
[EventDate "2006.11.12"]
[EventType "team-tourn"]
[EventRounds "11"]
[EventCountry "HUN"]
[SourceTitle "EXT 2008"]
[Source "ChessBase"]
[SourceDate "2007.11.25"]
[SourceVersion "1"]
[SourceVersionDate "2007.11.25"]
[SourceQuality "1"]
[WhiteTeam "Heesi II"]
[BlackTeam "Vaci"]
[WhiteTeamCountry "HUN"]
[BlackTeamCountry "HUN"]

1. d4 d5 2. Nf3 Nf6 3. Bf4 e6 4. e3 Bd6 5. Bxd6 Qxd6 6. Nbd2 Qb4 7. Rb1 Nbd7 8. a3 Qa5 9. Bd3 c5 10. dxc5 Nxc5 11. 0-0 Nxd3 12. cxd3 0-0 1/2-1/2

[Event "HUN-chT2 Erkel 0405"]
[Site "Hungary"]
[Date "2004.12.12"]
[Round "5"]
[White "Bagyanszky, Attila"]
[Black "Piroska, Istvan"]
[Result "1/2-1/2"]
[WhiteElo "2122"]
[BlackElo "2198"]
[PlyCount "115"]
[EventDate "2004.09.26"]
[EventType "team-tourn"]
[EventRounds "11"]
[EventCountry "HUN"]
[SourceTitle "EXT 2009"]
[Source "ChessBase"]
[SourceDate "2008.11.26"]
[SourceVersion "1"]
[SourceVersionDate "2008.11.26"]
[SourceQuality "1"]
[WhiteTeam "Vaci"]
[BlackTeam "Karpati"]
[WhiteTeamCountry "HUN"]
[BlackTeamCountry "HUN"]

1. e4 d6 2. f4 e5 3. d3 Nc6 4. c3 Be7 5. Nf3 Bg4 6. Be2 h5 7. Qb3 Qd7 8. Be3 exf4 9. Bxf4 0-0-0 10. Nbd2 f5 11. h3 fxe4 12. hxg4 Qxg4 13. g3 exf3 14. Bxf3 Qf5 15. Be4 Qc5 16. Qe6+ Kb8 17. Nb3 Qb6 18. 0-0-0 Bf6 19. Bg6 a5 20. Nd2 d5 21. Rxh5 Rxh5 22. Bxh5 a4 23. d4 a3 24. Nb3 axb2+ 25. Kxb2 Nge7 26. g4 Rh8 27. Ka1 Qb5 28. g5 Rxh5 29. gxf6 gxf6 30. Qxf6 Qc4 31. Qf8+ Ka7 32. Rc1 Rh3 33. Bxc7 Rxc3 34. Rxc3 Qxc3+ 35. Kb1 Qd3+ 36. Kb2 Qe2+ 37. Ka3 b5 38. Bd6 b4+ 39. Bxb4 Nxb4 40. Kxb4 Qc4+ 41. Ka3 Qa6+ 42. Kb2 Qe2+ 43. Kc3 Qe1+ 44. Kc2 Qe4+ 45. Kd2 Qg2+ 46. Kc3 Qg3+ 47. Kb2 Qh2+ 48. Ka3 Qd6+ 49. Nc5 Qg3+ 50. Ka4 Qc7 51. Qf7 Kb6 52. Qe6+ Ka7 53. Qa6+ Kb8 54. Qb5+ Ka7 55. Qa6+ Kb8 56. Kb5 Nc8 57. Qe6 Nd6+ 58. Kb4 1/2-1/2

[Event "HUN-chT2 Erkel 0203"]
[Site "Hungary"]
[Date "2003.04.06"]
[Round "10"]
[White "Bagyanszky, Attila"]
[Black "Tajti, Janos Sandor"]
[Result "0-1"]
[WhiteElo "2110"]
[BlackElo "2131"]
[PlyCount "68"]
[EventDate "2002.09.22"]
[EventType "team-tourn"]
[EventRounds "11"]
[EventCountry "HUN"]
[SourceTitle "EXT 2009"]
[Source "ChessBase"]
[SourceDate "2008.11.26"]
[SourceVersion "1"]
[SourceVersionDate "2008.11.26"]
[SourceQuality "1"]

1. e4 g6 2. f4 Bg7 3. Nf3 c6 4. Be2 d5 5. e5 Nh6 6. d3 0-0 7. c3 f6 8. Nbd2 Nf5 9. Nf1 fxe5 10. g4 Nh6 11. Nxe5 Nd7 12. d4 Nxe5 13. dxe5 Nf7 14. h4 Qb6 15. Qb3 Qc7 16. Be3 Nxe5 17. fxe5 Qxe5 18. Rh3 Be6 19. Bd4 Rxf1+ 20. Kxf1 Rf8+ 21. Rf3 Rxf3+ 22. Bxf3 Qf4 23. Qd1 Bxg4 24. Kg2 e5 25. Bf2 Be6 26. Qc1 Qf5 27. Qe3 e4 28. Be2 Be5 29. Rh1 d4 30. cxd4 Bf4 31. Qc3 e3 32. Bxe3 Bd5+ 33. Kg1 Qe4 34. Bxf4 Qg2# 0-1

[Event "HUN-chT2 Erkel 0203"]
[Site "Hungary"]
[Date "2003.03.23"]
[Round "9"]
[White "Bagyanszky, Attila"]
[Black "Antal, Laszlo"]
[Result "1-0"]
[WhiteElo "2110"]
[BlackElo "2022"]
[PlyCount "51"]
[EventDate "2002.09.22"]
[EventType "team-tourn"]
[EventRounds "11"]
[EventCountry "HUN"]
[SourceTitle "EXT 2009"]
[Source "ChessBase"]
[SourceDate "2008.11.26"]
[SourceVersion "1"]
[SourceVersionDate "2008.11.26"]
[SourceQuality "1"]

1. e4 e5 2. Nf3 Nc6 3. d4 exd4 4. Nxd4 Nf6 5. Nc3 Bb4 6. Nxc6 bxc6 7. Bd3 d5 8. Bg5 h6 9. Bd2 0-0 10. f3 Bxc3 11. Bxc3 dxe4 12. Bxe4 Nxe4 13. Qxd8 Rxd8 14. fxe4 Re8 15. e5 f6 16. 0-0-0 fxe5 17. Rhe1 Bg4 18. Rd3 e4 19. Rg3 Be6 20. Rxg7+ Kh8 21. Rxc7+ Kg8 22. Rg7+ Kh8 23. Rxe4 Rad8 24. Rxa7+ Kg8 25. Rg7+ Kh8 26. Re7+ 1-0

[Event "HUN-chT2 Erkel 0203"]
[Site "Hungary"]
[Date "2003.02.16"]
[Round "7"]
[White "Bagyanszky, Attila"]
[Black "Szabo, Ervin"]
[Result "1-0"]
[WhiteElo "2110"]
[BlackElo "2106"]
[PlyCount "59"]
[EventDate "2002.09.22"]
[EventType "team-tourn"]
[EventRounds "11"]
[EventCountry "HUN"]
[SourceTitle "EXT 2009"]
[Source "ChessBase"]
[SourceDate "2008.11.26"]
[SourceVersion "1"]
[SourceVersionDate "2008.11.26"]
[SourceQuality "1"]

1. e4 e6 2. f4 d5 3. e5 c5 4. c3 Nc6 5. Nf3 Nge7 6. d3 Nf5 7. Be2 Be7 8. 0-0 h5 9. g3 Qb6 10. Na3 Bd7 11. Nc2 0-0-0 12. Rf2 Rdg8 13. a3 Na5 14. b4 Nb3 15. Rb1 Nxc1 16. Qxc1 Qc7 17. Ne3 g6 18. Bf1 Kb8 19. bxc5 Bxc5 20. d4 Be7 21. Ba6 b6 22. c4 Nxe3 23. Qxe3 Bc8 24. Bb5 a6 25. cxd5 axb5 26. d6 Bxd6 27. exd6 Qxd6 28. Ne5 Ba6 29. Nxf7 Qd5 30. Nxh8 1-0

[Event "HUN-chT3 0001"]
[Site "Hungary"]
[Date "2000.11.12"]
[Round "2.3"]
[White "Toth, Mate Jozsef"]
[Black "Bagyanszky, Attila"]
[Result "1-0"]
[WhiteElo "2181"]
[BlackElo "2110"]
[PlyCount "56"]
[EventDate "2000.10.29"]
[EventType "team-tourn"]
[EventRounds "11"]
[EventCountry "HUN"]
[SourceTitle "EXT 2007"]
[Source "ChessBase"]
[SourceDate "2006.11.23"]
[SourceVersion "1"]
[SourceVersionDate "2006.11.23"]
[SourceQuality "1"]

1. c4 f5 2. g3 e5 3. Nc3 Nf6 4. Bg2 c6 5. e3 d6 6. Nge2 Be7 7. Rb1 0-0 8. b4 a6 9. a4 Ng4 10. d3 g5 11. h3 Nh6 12. f4 Qe8 13. 0-0 Qh5 14. Bd2 Rf7 15. b5 Rg7 16. bxc6 bxc6 17. a5 gxf4 18. exf4 Bf6 19. Be3 Be6 20. Qd2 Nf7 21. Rb7 e4 22. Rfb1 Nd7 23. d4 Nd8 24. d5 Nxb7 25. Rxb7 Rb8 26. Rxb8+ Nxb8 27. dxe6 Bxc3 28. Qxd6 Qe8 1-0

[Event "HUN-chT3"]
[Site "Hungary"]
[Date "1997.??.??"]
[Round "?"]
[White "Bagyanszky, Attila"]
[Black "Csaszar, Andras"]
[Result "1-0"]
[WhiteElo "2110"]
[BlackElo "2140"]
[PlyCount "71"]
[EventDate "1997.??.??"]
[EventType "team-tourn"]
[EventRounds "13"]
[EventCountry "HUN"]
[SourceTitle "EXT 2001"]
[Source "ChessBase"]
[SourceDate "2000.11.22"]
[SourceVersion "1"]
[SourceVersionDate "2000.11.22"]
[SourceQuality "1"]

1. e4 c5 2. f4 Nc6 3. Nf3 a6 4. c3 d5 5. e5 Bg4 6. Be2 e6 7. d3 Nge7 8. Be3 Nf5 9. Bf2 Be7 10. Nbd2 0-0 11. 0-0 Rc8 12. h3 Bxf3 13. Nxf3 Re8 14. g4 Nh6 15. Qd2 d4 16. Bg3 Kh8 17. Ng5 dxc3 18. bxc3 Nxe5 19. Nxe6 Nc4 20. Nxd8 Nxd2 21. Rfd1 Rcxd8 22. Rxd2 f5 23. Bf3 b6 24. g5 Ng8 25. Bc6 Rf8 26. c4 Bd6 27. Rb1 Bc7 28. Re1 Rd6 29. Bd5 b5 30. Rde2 Ba5 31. Re8 Rd8 32. Rxf8 Rxf8 33. Re6 bxc4 34. Bxc4 Bd2 35. Re2 Bc1 36. Bxa6 1-0

[Event "HUN-ch U20"]
[Site "Paks"]
[Date "1996.??.??"]
[Round "3"]
[White "Bagyanszky, Attila"]
[Black "Baranyai, Szabolcs Jr"]
[Result "1/2-1/2"]
[WhiteElo "2160"]
[BlackElo "2185"]
[PlyCount "157"]
[EventDate "1996.??.??"]
[EventType "tourn"]
[EventRounds "9"]
[EventCountry "HUN"]
[SourceTitle "EXT 2001"]
[Source "ChessBase"]
[SourceDate "2000.11.22"]
[SourceVersion "1"]
[SourceVersionDate "2000.11.22"]
[SourceQuality "1"]

1. e4 e6 2. f4 d5 3. e5 c5 4. Nf3 Nc6 5. Be2 Nh6 6. d3 Be7 7. 0-0 0-0 8. Be3 Qb6 9. b3 Bd7 10. Nbd2 Ng4 11. Bf2 f6 12. c3 fxe5 13. Nxe5 Ngxe5 14. fxe5 Nxe5 15. b4 Nc6 16. Rb1 e5 17. bxc5 Qc7 18. Qb3 Be6 19. Qxb7 Rac8 20. Qxc7 Rxc7 21. d4 Bf6 22. Nb3 Rcf7 23. Bb5 Ne7 24. Rbe1 e4 25. c6 Nf5 26. Nc5 Bc8 27. Re2 Bg5 28. Nxe4 dxe4 29. Bc4 e3 30. Be1 Ba6 31. Bxa6 Nxd4 32. Rxf7 Nxe2+ 33. Bxe2 Kxf7 34. Bg3 Ke7 35. c7 g6 36. Ba6 Kd7 37. Bb5+ Ke7 38. Ba6 Kd7 39. c8Q+ Rxc8 40. Bxc8+ Kxc8 41. Kf1 Kb7 42. Ke2 Kc6 43. Kd3 Kd5 44. Bb8 a5 45. Ba7 e2 46. Bf2 a4 47. c4+ Kc6 48. Kxe2 Bf4 49. Kf3 Bd6 50. h3 Bc5 51. Be1 Bd6 52. Ke4 Kc5 53. Kd3 Be5 54. Bf2+ Kc6 55. Bd4 Bd6 56. Kc3 Ba3 57. Bf6 Kd6 58. Bg7 Kc6 59. Bd4 Kd6 60. Kd3 Kc6 61. Ke4 Bd6 62. Bb2 Bg3 63. Ba3 Bc7 64. Bb4 Bb8 65. Kd4 Bg3 66. Kd3 Be5 67. Bf8 h5 68. Be7 Kd7 69. Ke4 Bg3 70. Bg5 Kc6 71. Kd4 Bd6 72. Be3 Bc7 73. Kc3 Bd6 74. c5 Bxc5 75. Bxc5 Kxc5 76. a3 g5 77. g3 g4 78. h4 Kd5 79. Kd3 1/2-1/2

[Event "HUN-chT3"]
[Site "Hungary"]
[Date "1996.??.??"]
[Round "?"]
[White "Bako, Viktor"]
[Black "Bagyanszky, Attila"]
[Result "0-1"]
[WhiteElo "2255"]
[BlackElo "2160"]
[PlyCount "72"]
[EventDate "1996.??.??"]
[EventType "team-tourn"]
[EventRounds "9"]
[EventCountry "HUN"]
[SourceTitle "EXT 2001"]
[Source "ChessBase"]
[SourceDate "2000.11.22"]
[SourceVersion "1"]
[SourceVersionDate "2000.11.22"]
[SourceQuality "1"]

1. c4 e5 2. Nc3 f5 3. Nf3 d6 4. d4 e4 5. Ng5 Be7 6. Nh3 c6 7. e3 Nf6 8. Nf4 Na6 9. h4 Nc7 10. d5 c5 11. b3 Bd7 12. Bb2 Ng4 13. Be2 Ne5 14. h5 Bf6 15. Qd2 Qe7 16. 0-0-0 a5 17. a4 Nf7 18. f3 0-0-0 19. fxe4 fxe4 20. Rdf1 Nh6 21. Rhg1 Rhf8 22. g4 Bg5 23. Nb5 Nxb5 24. cxb5 b6 25. Bc3 Kb7 26. Qb2 Rf7 27. Bd2 Bf6 28. Qc2 Qe5 29. Ne6 Bxe6 30. dxe6 Re7 31. g5 Bxg5 32. Rxg5 Qxg5 33. Qxe4+ Ka7 34. Qc6 Qe5 35. Bf3 d5 36. Rg1 Rc7 0-1

[Event "HUN-ch U20"]
[Site "Paks"]
[Date "1996.??.??"]
[Round "4"]
[White "Kovacs, Gabor H"]
[Black "Bagyanszky, Attila"]
[Result "1-0"]
[WhiteElo "2305"]
[BlackElo "2160"]
[PlyCount "81"]
[EventDate "1996.??.??"]
[EventType "tourn"]
[EventRounds "9"]
[EventCountry "HUN"]
[SourceTitle "EXT 2001"]
[Source "ChessBase"]
[SourceDate "2000.11.22"]
[SourceVersion "1"]
[SourceVersionDate "2000.11.22"]
[SourceQuality "1"]

1. e4 e5 2. Bc4 Bc5 3. Nc3 Nf6 4. d3 h6 5. f4 d6 6. Nf3 Nc6 7. Na4 Bb6 8. Nxb6 axb6 9. 0-0 Be6 10. Bxe6 fxe6 11. fxe5 dxe5 12. Bd2 Qd6 13. Bc3 Qc5+ 14. Kh1 Rd8 15. Qe1 0-0 16. b4 Qd6 17. b5 Nd4 18. Bxd4 exd4 19. e5 Qc5 20. exf6 Rxf6 21. Rf2 Qxb5 22. Re2 Qd5 23. Re5 Qc6 24. Qe2 Rdf8 25. Re1 Kh8 26. Nxd4 Qa4 27. Nf3 Qxa2 28. c4 Qxe2 29. R5xe2 Rd8 30. Ne5 b5 31. Kg1 bxc4 32. dxc4 Kg8 33. Nf3 Rf4 34. Re4 Rxe4 35. Rxe4 Rd6 36. Kf2 Kf7 37. Rd4 Ke7 38. Ke3 b6 39. Ne5 Kf6 40. Rxd6 cxd6 41. Nd7+ 1-0

[Event "HUN-ch U20"]
[Site "Paks"]
[Date "1996.??.??"]
[Round "6"]
[White "Zentai, Peter"]
[Black "Bagyanszky, Attila"]
[Result "1-0"]
[WhiteElo "2220"]
[BlackElo "2160"]
[PlyCount "35"]
[EventDate "1996.??.??"]
[EventType "tourn"]
[EventRounds "9"]
[EventCountry "HUN"]
[SourceTitle "EXT 2001"]
[Source "ChessBase"]
[SourceDate "2000.11.22"]
[SourceVersion "1"]
[SourceVersionDate "2000.11.22"]
[SourceQuality "1"]

1. e4 e5 2. Nf3 Nc6 3. d4 exd4 4. Bc4 Bb4+ 5. c3 dxc3 6. 0-0 cxb2 7. Bxb2 Nf6 8. Ng5 0-0 9. e5 Ne8 10. Qh5 h6 11. Nxf7 Rxf7 12. Qxf7+ Kh7 13. Qg8+ Kg6 14. Bd3+ Kh5 15. Qf7+ Kh4 16. g3+ Kg4 17. f3+ Kg5 18. h4# 1-0

[Event "Budapest act op"]
[Site "Budapest"]
[Date "1995.??.??"]
[Round "?"]
[White "Horvath, Andras"]
[Black "Bagyanszky, Attila"]
[Result "1/2-1/2"]
[WhiteElo "2235"]
[BlackElo "2130"]
[PlyCount "49"]
[EventDate "1995.??.??"]
[EventType "swiss (rapid)"]
[EventRounds "7"]
[EventCountry "HUN"]
[SourceTitle "EXT 2002"]
[Source "ChessBase"]
[SourceDate "2001.11.25"]
[SourceVersion "1"]
[SourceVersionDate "2001.11.25"]
[SourceQuality "1"]

1. e4 c5 2. Nf3 g6 3. d4 cxd4 4. Qxd4 Nf6 5. e5 Nc6 6. Qa4 Nd5 7. a3 Bg7 8. Qe4 e6 9. Bc4 Nb6 10. Ba2 d5 11. exd6 Qxd6 12. 0-0 0-0 13. Nc3 a6 14. Be3 Nd5 15. Bxd5 exd5 16. Qxd5 Qxd5 17. Nxd5 Bxb2 18. Rab1 Bxa3 19. Nb6 Rb8 20. Bf4 Bf5 21. Bxb8 Rxb8 22. Nc4 Bc5 23. Rb2 b5 24. Ne3 Be6 25. Ra1 1/2-1/2

[Event "Sarospatak op-A"]
[Site "Sarospatak"]
[Date "1995.??.??"]
[Round "8"]
[White "Mrva, Vladimir"]
[Black "Bagyanszky, Attila"]
[Result "1-0"]
[WhiteElo "2305"]
[BlackElo "2130"]
[PlyCount "103"]
[EventDate "1995.06.??"]
[EventType "swiss"]
[EventRounds "9"]
[EventCountry "HUN"]
[SourceTitle "EXT 1999"]
[Source "ChessBase"]
[SourceDate "1998.11.16"]
[SourceVersion "1"]
[SourceVersionDate "1998.11.16"]
[SourceQuality "1"]

1. e4 e5 2. Nf3 Nc6 3. Nc3 Nf6 4. Bb5 a6 5. Bxc6 dxc6 6. Nxe5 Nxe4 7. Nxe4 Qd5 8. 0-0 Qxe5 9. Re1 Be6 10. d4 Qd5 11. Bg5 Bd6 12. b3 0-0 13. c4 Qf5 14. Nxd6 cxd6 15. Be7 Rfe8 16. Bxd6 Rad8 17. Bc7 Rd7 18. Bb6 Rc8 19. Qe2 Qg4 20. f3 Qg6 21. Qf2 Rd6 22. Bc5 Rdd8 23. Re5 Qd3 24. Rae1 h6 25. Qg3 Qd2 26. R5e2 Qd3 27. Re3 Qf5 28. Re5 Qd3 29. Qf4 Qg6 30. Bb6 Re8 31. d5 cxd5 32. cxd5 Bd7 33. Rxe8+ Bxe8 34. Bc7 Bd7 35. d6 Qc2 36. Re7 Qc5+ 37. Qe3 Qf5 38. h3 Be6 39. Rxe6 fxe6 40. d7 e5 41. dxc8Q+ Qxc8 42. Qxe5 Qd7 43. Bd6 Qc6 44. Kh2 b5 45. f4 a5 46. f5 a4 47. bxa4 bxa4 48. Qe6+ Kh7 49. Qg6+ Kg8 50. Be5 Qb7 51. f6 h5 52. Qe8+ 1-0

[Event "Sarospatak op-A"]
[Site "Sarospatak"]
[Date "1995.??.??"]
[Round "3"]
[White "Racz, Zoltan"]
[Black "Bagyanszky, Attila"]
[Result "1-0"]
[WhiteElo "2250"]
[BlackElo "2130"]
[PlyCount "83"]
[EventDate "1995.06.??"]
[EventType "swiss"]
[EventRounds "9"]
[EventCountry "HUN"]
[SourceTitle "EXT 1999"]
[Source "ChessBase"]
[SourceDate "1998.11.16"]
[SourceVersion "1"]
[SourceVersionDate "1998.11.16"]
[SourceQuality "1"]

1. e4 e5 2. Nf3 Nf6 3. d4 Nxe4 4. Bd3 d5 5. Nxe5 Bd6 6. 0-0 Bxe5 7. dxe5 0-0 8. Qh5 g6 9. Qh6 f6 10. Bxe4 dxe4 11. exf6 Qxf6 12. Nc3 Re8 13. Bg5 Qg7 14. Qh4 Qe5 15. Rae1 Bf5 16. f3 Qc5+ 17. Be3 Qe7 18. Qxe7 Rxe7 19. Nd5 Rf7 20. fxe4 c6 21. Nc3 Be6 22. Rxf7 Kxf7 23. Rf1+ Ke8 24. Bg5 Nd7 25. b3 Ne5 26. h3 a5 27. Rf6 Bf7 28. Na4 Kf8 29. Rd6 Re8 30. Bf6 Kg8 31. Kf2 Rf8 32. Ke3 Re8 33. Kd4 c5+ 34. Nxc5 Nc6+ 35. Ke3 Nb4 36. c3 Nxa2 37. Kd2 a4 38. bxa4 h6 39. Rd8 b6 40. Nd7 g5 41. Nxb6 Kf8 42. a5 1-0